Estadísticas para El Honor en La casa de Bernarda Alba

Haz click aquí para intentar la prueba.

Estadísticas generales

  • Esta prueba ha sido intentada 18 veces
  • La puntuación promedio es 6 de 15

Estadísticas de respuestas

CitaRespuesta% Correcto
"Mi hija ha muerto ______" ~ Bernardavirgén
100%
"Nacer _____ es el mayor castigo" ~ Ameliamujer
83%
"La hija de la _______"Librada
67%
"me ha dicho que se quiere _____" ~ La Criadacasar
50%
"No vaya contra la ley de ____" ~ La PonciaDios
50%
"____ la Roseta"Paca
50%
"Velo para que las gentes no _______ al pasar por la puerta" ~ La Ponciaescupen
25%
"este maldito pueblo sin río, pueblo de _____" ~ Bernardapozos
25%
"Un hombre es __ ______" ~ La Ponciaun hombre
25%
"Ya no volverás a levantarme las _______ detrás de la puerta de tu corral" ~ La Criadaenaguas
17%
"Quiero vivir en casa decente. No quiero _________ de vieja" ~ La Ponciamancharme
17%
"Dicen que iba con los ______ fuera" ~ La Ponciapechos
17%
"Andar a vuestras ______ a criticar todo lo que habéis visto" ~ Bernardacuevas
8%
"Qué _________ es éste en mi casa y con el silencio del _____!" ~ Bernardaescándolo, calor
8%
"No es toda la culpa de Pepe el Romano. Adele debe estar en su sitio y no __________" ~ La Ponciaprovocarlo
8%

Distribución de puntuación

Porcentaje por número respondido

Porcentaje de gente con cada puntuación

Historial de tus puntuaciones

No has intentado esta prueba.